[Event "27th 4NCL Congress"]
[Site "The Old Swan Harrogate, Swan R"]
[Date "2022.01.23"]
[Round "4.14"]
[White "Watson, Andrew"]
[Black "McKay, Ruairidh"]
[Result "0-1"]
[WhiteElo "1558"]
[BlackElo "1531"]
[PlyCount "74"]
[EventDate "2022.01.21"]

1. d4 Nf6 2. Nc3 e6 3. Bf4 Bb4 4. a3 Bxc3+ 5. bxc3 Nd5 6. Bd2 O-O 7. e4 Nb6 8.
Bd3 f5 9. Qe2 d6 10. Nh3 e5 11. Ng5 Qe8 12. h4 f4 13. Qf3 h5 14. Qe2 Nc6 15. d5
Nd8 16. a4 a5 17. Bc1 Bg4 18. f3 Bd7 19. Bb5 Nxa4 20. Bxa4 Bxa4 21. Kf2 Bd7 22.
Bd2 Nf7 23. Qc4 Nxg5 24. hxg5 c6 25. Qb3 b5 26. dxc6+ Be6 27. Qxb5 g6 28. Rxa5
Rxa5 29. Qxa5 Qxc6 30. Rb1 Qd7 31. Qa6 Qe7 32. c4 Rd8 33. Bb4 Qxg5 34. Bxd6
Qg3+ 35. Ke2 Qxg2+ 36. Kd3 Qxf3+ 37. Kd2 Qe3+ 0-1

[Event "27th 4NCL Congress"]
[Site "The Old Swan Harrogate, Swan R"]
[Date "2022.01.23"]
[Round "4.15"]
[White "Kirilenkovs, Juris"]
[Black "Duffell, Andrew"]
[Result "0-1"]
[WhiteElo "1248"]
[BlackElo "1595"]
[PlyCount "28"]
[EventDate "2022.01.21"]

1. e4 c5 2. Nc3 a6 3. Nf3 e6 4. Be2 Nc6 5. d3 Qc7 6. Be3 Nf6 7. d4 cxd4 8. Nxd4
Bb4 9. O-O Bxc3 10. bxc3 Nxe4 11. Nxc6 Nxc3 12. Bd4 Nxd1 13. Raxd1 Qxc6 14.
Bxg7 Rg8 0-1

[Event "27th 4NCL Congress"]
[Site "The Old Swan Harrogate, Swan R"]
[Date "2022.01.23"]
[Round "4.16"]
[White "Goldsmith, Jennifer"]
[Black "Blower, Trevor R"]
[Result "0-1"]
[WhiteElo "1428"]
[BlackElo "1591"]
[PlyCount "119"]
[EventDate "2022.01.21"]

1. d4 f5 2. Nf3 Nf6 3. Bf4 d6 4. Nbd2 g6 5. e3 Bg7 6. Be2 O-O 7. O-O c6 8. c4
Qc7 9. c5 Nh5 10. cxd6 exd6 11. Bc4+ Kh8 12. Bg5 d5 13. Bb3 Be6 14. Rc1 Nd7 15.
Bh4 Rae8 16. Ng5 Bg8 17. Re1 Ndf6 18. f3 Qd7 19. Bc2 h6 20. Nh3 g5 21. Bg3 Nxg3
22. hxg3 Nh5 23. Kh2 g4 24. Nf2 Qd6 25. f4 Be6 26. Nd3 Bc8 27. Ne5 Bxe5 28.
dxe5 Qg6 29. Nf1 Ng7 30. Kg1 Ne6 31. Nh2 h5 32. Kf2 Nc5 33. Nf1 Ne4+ 34. Kg1
Qh6 35. Bxe4 fxe4 36. Kf2 Rxe5 37. Qd4 Rff5 38. Ke2 b6 39. fxe5 Ba6+ 40. Kd2
Rf2+ 41. Kc3 Qe6 42. Nd2 c5 43. Qa4 Qxe5+ 44. Kc2 Bd3+ 45. Kd1 Kg8 46. Qb5 Kh7
47. Rc3 c4 48. Ra3 Rf7 49. Rh1 Kg6 50. Qa4 Qd6 51. Kc1 a5 52. Qd1 Qxg3 53. Qg1
Rf2 54. Qh2 Qxh2 55. Rxh2 g3 56. Rh1 Rxg2 57. Nf1 Bxf1 58. Rxf1 h4 59. Rh1 Kg5
60. Rc3 0-1

[Event "27th 4NCL Congress"]
[Site "The Old Swan Harrogate, Swan R"]
[Date "2022.01.23"]
[Round "4.18"]
[White "Coleman, Patrick N"]
[Black "Meredith, Daniel"]
[Result "0-1"]
[WhiteElo "1531"]
[BlackElo "1440"]
[PlyCount "84"]
[EventDate "2022.01.21"]

1. d4 Nf6 2. c4 g6 3. Nc3 Bg7 4. e4 d6 5. Nf3 e5 6. dxe5 dxe5 7. Qxd8+ Kxd8 8.
Nxe5 Nxe4 9. Nxf7+ Ke8 10. Nxh8 Nxc3 11. Nxg6 hxg6 12. Bd3 Bf5 13. Bxf5 gxf5
14. Bf4 Na4 15. O-O Nxb2 16. Rfe1+ Kf7 17. Bxc7 Nd3 18. Red1 Bxa1 19. Rxd3 Nc6
20. Rd7+ Ne7 21. Ba5 Rc8 22. Bb4 Bf6 23. c5 b6 24. Rxa7 bxc5 25. Ba5 c4 26. Bc7
c3 27. Bf4 c2 28. Bc1 Bb2 29. Rxe7+ Kxe7 30. Bg5+ Ke6 31. h4 c1=Q+ 32. Bxc1
Bxc1 33. Kh2 Kf6 34. Kh3 Kg6 35. Kg3 Ra8 36. Kf3 Rxa2 37. g3 Ra3+ 38. Ke2 Kh5
39. Kd1 Kg4 40. Kxc1 Ra2 41. f3+ Kxf3 42. h5 Rh2 0-1

[Event "27th 4NCL Congress"]
[Site "The Old Swan Harrogate, Swan R"]
[Date "2022.01.23"]
[Round "4.19"]
[White "Cockerill, Martin K"]
[Black "Farrow, Ian"]
[Result "0-1"]
[WhiteElo "1412"]
[BlackElo "1531"]
[PlyCount "58"]
[EventDate "2022.01.21"]

1. d4 Nf6 2. c4 e5 3. dxe5 Ng4 4. Nf3 Nc6 5. Nc3 Bc5 6. e3 Bb4 7. Qc2 Ngxe5 8.
Nxe5 Nxe5 9. Be2 c6 10. O-O O-O 11. Rd1 f5 12. Qb3 Ba5 13. c5+ Kh8 14. Qa3 Bc7
15. b4 Qh4 16. Rd4 Ng4 17. Bxg4 fxg4 18. Qb2 Qxh2+ 19. Kf1 Qh1+ 20. Ke2 Qxg2
21. Nd1 g3 22. Kd3 gxf2 23. Nxf2 Rxf2 24. Re4 h6 25. Re8+ Kh7 26. Qb3 Qg6+ 27.
Kd4 Qxe8 28. Qd3+ Kh8 29. Bd2 Qe5+ 0-1

[Event "27th 4NCL Congress"]
[Site "The Old Swan Harrogate, Swan R"]
[Date "2022.01.23"]
[Round "4.22"]
[White "Hynes, Thomas F"]
[Black "Goodwin, Theo"]
[Result "1/2-1/2"]
[WhiteElo "1336"]
[BlackElo "1467"]
[PlyCount "40"]
[EventDate "2022.01.21"]

1. e4 d5 2. exd5 Nf6 3. Nc3 Bf5 4. Bc4 c6 5. dxc6 Nxc6 6. a3 e5 7. d3 Bc5 8.
Be3 Bxe3 9. fxe3 O-O 10. Nf3 Qb6 11. e4 Bg6 12. Bb3 Rad8 13. Qe2 Nd4 14. Nxd4
Qxd4 15. Qf2 Ng4 16. Qxd4 exd4 17. Ne2 Ne3 18. Kf2 Bh5 19. h3 Bxe2 20. Kxe2
Nxg2 1/2-1/2

[Event "27th 4NCL Congress"]
[Site "The Old Swan Harrogate, Swan R"]
[Date "2022.01.23"]
[Round "5.1"]
[White "Maher, Mike P"]
[Black "Pointon, Mike"]
[Result "1/2-1/2"]
[WhiteElo "1692"]
[BlackElo "1650"]
[PlyCount "38"]
[EventDate "2022.01.21"]

1. d4 Nf6 2. c4 c5 3. d5 b5 4. cxb5 a6 5. e3 axb5 6. Bxb5 g6 7. Nc3 Bg7 8. a4
O-O 9. Nf3 d6 10. Nd2 Ba6 11. Ra3 Bxb5 12. axb5 Nbd7 13. Nc4 Qc7 14. O-O Rxa3
15. bxa3 Ra8 16. a4 Nb6 17. Nxb6 Qxb6 18. Qb3 Nd7 19. f4 Bxc3 1/2-1/2

[Event "27th 4NCL Congress"]
[Site "The Old Swan Harrogate, Swan R"]
[Date "2022.01.23"]
[Round "5.2"]
[White "Llewellyn, Alan M"]
[Black "Patterson, Dave"]
[Result "0-1"]
[WhiteElo "1629"]
[BlackElo "1695"]
[PlyCount "104"]
[EventDate "2022.01.21"]

1. c4 Nf6 2. Nc3 g6 3. e4 d6 4. f4 e5 5. d3 Nc6 6. Nf3 Bg7 7. Be2 Bd7 8. O-O
Qe7 9. fxe5 dxe5 10. Bg5 Be6 11. Nxe5 Qc5+ 12. d4 Nxd4 13. Be3 Nxe2+ 14. Qxe2
Qxe5 15. Rad1 Bg4 16. Bd4 Bxe2 17. Bxe5 Bxf1 18. Nd5 Nxd5 19. Bxg7 Rg8 20. Rxd5
Bxc4 21. Re5+ Be6 22. Bf6 Kd7 23. Rb5 b6 24. Rb4 c5 25. Ra4 Rgc8 26. Ra3 Rc6
27. Rd3+ Rd6 28. Rc3 Bxa2 29. Be5 Rd1+ 30. Kf2 Bb1 31. h4 Re8 32. Bf4 Rxe4 33.
Rf3 Ke6 34. Bg5 f5 35. Ra3 a5 36. Rb3 Rb4 37. Re3+ Be4 38. b3 Rd2+ 39. Kg3
Rxg2+ 40. Kh3 Rb2 41. h5 R4xb3 42. hxg6 Rxe3+ 43. Bxe3 hxg6 44. Bc1 Rg2 45. Ba3
c4 46. Bf8 c3 47. Bg7 c2 48. Bb2 f4 49. Bc1 f3 50. Kh4 f2 51. Be3 f1=Q 52. Bg1
Qxg1 0-1

[Event "27th 4NCL Congress"]
[Site "The Old Swan Harrogate, Swan R"]
[Date "2022.01.23"]
[Round "5.3"]
[White "Oliver, Peter J R"]
[Black "Horspool, Ben"]
[Result "1/2-1/2"]
[WhiteElo "1659"]
[BlackElo "1478"]
[PlyCount "99"]
[EventDate "2022.01.21"]

1. Nf3 Nf6 2. d4 g6 3. c4 Bg7 4. Nc3 d6 5. e3 O-O 6. Be2 Nbd7 7. O-O Re8 8. b3
c5 9. Bb2 b6 10. Qc2 Bb7 11. d5 a6 12. Rfe1 Qc7 13. Rad1 Rad8 14. e4 Nf8 15.
Bd3 N6d7 16. Ne2 e5 17. dxe6 fxe6 18. Ng3 Bxb2 19. Qxb2 e5 20. Qe2 Ne6 21. Qe3
Nd4 22. h4 Nf8 23. h5 Nfe6 24. hxg6 hxg6 25. Ng5 Nf4 26. Nf3 Qe7 27. Nxd4 cxd4
28. Qf3 Bc8 29. Ne2 Rf8 30. Qg3 Kg7 31. f3 Nxe2+ 32. Bxe2 Rh8 33. Kf2 Rh6 34.
Rh1 Rdh8 35. Rxh6 Rxh6 36. f4 Qh4 37. Bf3 Qxg3+ 38. Kxg3 Kf6 39. a3 Bd7 40. Bg4
Bxg4 41. Kxg4 Rh2 42. g3 Rb2 43. Rd3 b5 44. cxb5 axb5 45. b4 Re2 46. Kf3 Rc2
47. Rb3 Rc1 48. Rd3 Rf1+ 49. Ke2 Rc1 50. Kf2 1/2-1/2

[Event "27th 4NCL Congress"]
[Site "The Old Swan Harrogate, Swan R"]
[Date "2022.01.23"]
[Round "5.4"]
[White "Belinger, John"]
[Black "Buckell, David J"]
[Result "1-0"]
[WhiteElo "1647"]
[BlackElo "1626"]
[PlyCount "43"]
[EventDate "2022.01.21"]

1. e4 d6 2. d4 Nf6 3. Nc3 g6 4. f4 Bg7 5. Nf3 O-O 6. e5 dxe5 7. fxe5 Nd5 8. Bc4
Nxc3 9. bxc3 Nc6 10. O-O Na5 11. Bd3 Bf5 12. Bxf5 gxf5 13. Bf4 e6 14. Ng5 Qd7
15. Qh5 h6 16. Nh3 Kh7 17. Rf3 Rh8 18. Rg3 Nc6 19. Bxh6 Bxh6 20. Ng5+ Kg8 21.
Nxe6+ Kh7 22. Rg7# 1-0

[Event "27th 4NCL Congress"]
[Site "The Old Swan Harrogate, Swan R"]
[Date "2022.01.23"]
[Round "5.6"]
[White "Merry, John D"]
[Black "Sartain, Patrick P"]
[Result "0-1"]
[WhiteElo "1660"]
[BlackElo "1556"]
[PlyCount "70"]
[EventDate "2022.01.21"]

1. e4 d6 2. d4 h6 3. Nf3 Bg4 4. Be2 Nf6 5. Nbd2 e6 6. O-O Be7 7. h3 Bh5 8. Nh2
Bxe2 9. Qxe2 Nbd7 10. Ng4 h5 11. Nxf6+ Nxf6 12. Nf3 Qd7 13. c4 O-O-O 14. e5 Nh7
15. Be3 d5 16. Rac1 f5 17. c5 c6 18. b4 g5 19. a4 g4 20. Nd2 gxh3 21. gxh3 Bg5
22. Nf3 Bxe3 23. Qxe3 Rdg8+ 24. Kh2 Qf7 25. Rg1 f4 26. Qd3 Qe7 27. Rxg8+ Rxg8
28. Rg1 Rxg1 29. Kxg1 Ng5 30. Nxg5 Qxg5+ 31. Kh2 Qg7 32. Qf3 Qf7 33. Qg2 f3 34.
Qg5 Qf5 35. Qg3 {scoresheets contradict} Qf7 0-1

[Event "27th 4NCL Congress"]
[Site "The Old Swan Harrogate, Swan R"]
[Date "2022.01.23"]
[Round "5.7"]
[White "Wright, George A"]
[Black "Webster, Vivien"]
[Result "0-1"]
[WhiteElo "1551"]
[BlackElo "1656"]
[PlyCount "54"]
[EventDate "2022.01.21"]

1. b3 e5 2. Bb2 d6 3. e3 Nf6 4. h3 Be7 5. Nc3 Nc6 6. g3 O-O 7. Bg2 Bd7 8. e4
Nd4 9. d3 c5 10. Nge2 Rb8 11. O-O Qc8 12. Nxd4 cxd4 13. Nd5 Nxd5 14. exd5 Bxh3
15. Rc1 Bxg2 16. Kxg2 Qc5 17. Qf3 Bg5 18. Rb1 f5 19. Rh1 f4 20. Rh5 fxg3 21.
Qe4 h6 22. Rf1 Qxc2 23. Bxd4 exd4 24. Qxd4 Qe2 25. Qe4 Qxh5 26. fxg3 Rxf1 27.
Kxf1 Qh3+ 0-1

[Event "27th 4NCL Congress"]
[Site "The Old Swan Harrogate, Swan R"]
[Date "2022.01.23"]
[Round "5.8"]
[White "McKay, Ruairidh"]
[Black "Weller, Colin"]
[Result "1/2-1/2"]
[WhiteElo "1531"]
[BlackElo "1598"]
[PlyCount "71"]
[EventDate "2022.01.21"]

1. d4 d6 2. e4 Nf6 3. Bd3 Nbd7 4. c4 e5 5. dxe5 Nxe5 6. Bg5 Be7 7. Ne2 Bd7 8.
O-O Bc6 9. f3 Nxd3 10. Qxd3 h6 11. Be3 O-O 12. Nbc3 a6 13. Nd4 Bd7 14. Nd5 Nxd5
15. exd5 Bf6 16. Rae1 Bxd4 17. Bxd4 Re8 18. Qc3 Qg5 19. f4 Qg6 20. Qg3 Qxg3 21.
hxg3 Rxe1 22. Rxe1 Re8 23. Rxe8+ Bxe8 24. Ba7 c6 25. dxc6 bxc6 26. Bb8 d5 27.
cxd5 cxd5 28. Be5 f6 29. Bd4 Kf7 30. Kf2 f5 31. Kf3 g5 32. g4 fxg4+ 33. Kxg4
gxf4 34. Kxf4 Ke6 35. g4 h5 36. gxh5 1/2-1/2

[Event "27th 4NCL Congress"]
[Site "The Old Swan Harrogate, Swan R"]
[Date "2022.01.23"]
[Round "5.9"]
[White "Mitchell, Ian"]
[Black "Jackson, Paul Robert"]
[Result "1/2-1/2"]
[WhiteElo "1553"]
[BlackElo "1563"]
[PlyCount "30"]
[EventDate "2022.01.21"]

1. d4 d5 2. c4 e6 3. Nc3 Nf6 4. e3 c5 5. Nf3 Nc6 6. cxd5 Nxd5 7. Nxd5 Qxd5 8.
Be2 cxd4 9. exd4 Bb4+ 10. Bd2 Bxd2+ 11. Qxd2 O-O 12. O-O Bd7 13. b3 Rac8 14.
Bc4 Qa5 15. Qxa5 Nxa5 1/2-1/2

[Event "27th 4NCL Congress"]
[Site "The Old Swan Harrogate, Swan R"]
[Date "2022.01.23"]
[Round "5.10"]
[White "Jinks, Anthony"]
[Black "Scorer, David M"]
[Result "1/2-1/2"]
[WhiteElo "1562"]
[BlackElo "1443"]
[PlyCount "51"]
[EventDate "2022.01.21"]

1. d4 Nf6 2. c4 g6 3. Nc3 d5 4. cxd5 Nxd5 5. e3 Bg7 6. Nf3 c6 7. h3 Nd7 8. Nxd5
cxd5 9. Bd3 O-O 10. O-O Nf6 11. Bd2 e6 12. Rc1 Bd7 13. Rc2 Rc8 14. Rxc8 Qxc8
15. Qb3 b6 16. Rc1 Qb7 17. Qa3 Rc8 18. Rxc8+ Bxc8 19. Bb4 Nd7 20. Qc3 Bf8 21.
Bxf8 Kxf8 22. Bb5 Nf6 23. Qb4+ Kg7 24. Ne5 Qc7 25. Bc6 Ne4 26. f3 1/2-1/2

[Event "27th 4NCL Congress"]
[Site "The Old Swan Harrogate, Swan R"]
[Date "2022.01.23"]
[Round "5.11"]
[White "Edgar, Barry"]
[Black "Farrow, Ian"]
[Result "1-0"]
[WhiteElo "1615"]
[BlackElo "1531"]
[PlyCount "65"]
[EventDate "2022.01.21"]

1. d4 Nf6 2. Bf4 d5 3. e3 e6 4. Nf3 Nbd7 5. c3 Be7 6. Nbd2 c5 7. Bd3 c4 8. Bc2
b5 9. e4 Nh5 10. Bg3 g6 11. Qe2 O-O 12. Ne5 Bb7 13. Nxd7 Qxd7 14. e5 a5 15. O-O
b4 16. Rab1 Rfb8 17. Qg4 Bc6 18. Bh4 Bxh4 19. Qxh4 Ba4 20. b3 bxc3 21. Nf3 cxb3
22. axb3 Bb5 23. Rfe1 Qd8 24. Qg4 a4 25. Ng5 axb3 26. Rxb3 Qc8 27. Qf3 Qd7 28.
Rxc3 Bc4 29. g4 Ng7 30. Qh3 h5 31. gxh5 gxh5 32. Rc1 Kf8 33. Rf3 1-0

[Event "27th 4NCL Congress"]
[Site "The Old Swan Harrogate, Swan R"]
[Date "2022.01.23"]
[Round "5.12"]
[White "Duffell, Andrew"]
[Black "Mildenhall, Steven"]
[Result "1-0"]
[WhiteElo "1595"]
[BlackElo "1386"]
[PlyCount "91"]
[EventDate "2022.01.21"]

1. d4 d5 2. c4 e6 3. Nc3 Bb4 4. f3 Nf6 5. a3 Bxc3+ 6. bxc3 c6 7. Qc2 dxc4 8. e4
b5 9. Bg5 h6 10. Bh4 g5 11. Bg3 Nbd7 12. Be2 Nb6 13. f4 Nh5 14. Bxh5 gxf4 15.
Bf2 Qg5 16. Bf3 e5 17. dxe5 O-O 18. h4 Qxe5 19. h5 Na4 20. Ne2 Nc5 21. Bxc5
Qxc5 22. Qd2 Bb7 23. Qxf4 Rad8 24. Rh4 Rd6 25. e5 Re6 26. Be4 Qxe5 27. Qxe5
Rxe5 28. Kf2 Rfe8 29. Bf3 Bc8 30. Rd1 Be6 31. Bxc6 Rxe2+ 32. Kxe2 Bg4+ 33. Kf1
Bxd1 34. Bxe8 a6 35. Ke1 Kf8 36. Kxd1 Kxe8 37. Rd4 f5 38. a4 Ke7 39. axb5 axb5
40. g3 Ke6 41. Kd2 b4 42. Rxc4 bxc3+ 43. Rxc3 Kf6 44. Kd3 Kg5 45. Ke3 Kxh5 46.
Kf4 1-0

[Event "27th 4NCL Congress"]
[Site "The Old Swan Harrogate, Swan R"]
[Date "2022.01.23"]
[Round "5.13"]
[White "Blower, Trevor R"]
[Black "Foy, Jeff"]
[Result "1-0"]
[WhiteElo "1591"]
[BlackElo "1409"]
[PlyCount "59"]
[EventDate "2022.01.21"]

1. f4 d5 2. Nf3 h5 3. g3 e6 4. c3 h4 5. g4 Be7 6. h3 Nf6 7. d3 Nc6 8. Be3 Bd6
9. Bg2 e5 10. fxe5 Nxe5 11. Nxe5 Bxe5 12. Bf2 Qd6 13. e3 Bg3 14. Qf3 Bxf2+ 15.
Qxf2 c6 16. O-O Be6 17. Nd2 O-O-O 18. b4 Bxg4 19. hxg4 h3 20. Bf3 Qe6 21. Rae1
Nxg4 22. Bxg4 Qxg4+ 23. Kh2 g6 24. Rg1 Qe6 25. e4 Qe5+ 26. Rg3 Qxc3 27. exd5
Qxb4 28. dxc6 Rxd3 29. Rxd3 bxc6 30. Qxf7 1-0

[Event "27th 4NCL Congress"]
[Site "The Old Swan Harrogate, Swan R"]
[Date "2022.01.23"]
[Round "5.14"]
[White "Meredith, Daniel"]
[Black "Herd, Ewan"]
[Result "0-1"]
[WhiteElo "1440"]
[BlackElo "1542"]
[PlyCount "68"]
[EventDate "2022.01.21"]

1. e4 c6 2. d4 d5 3. e5 Bf5 4. Nf3 e6 5. Bd3 Bxd3 6. Qxd3 Ne7 7. Bg5 Qb6 8. Qc3
Nf5 9. a3 c5 10. O-O Nc6 11. dxc5 Bxc5 12. Nbd2 Ncd4 13. Rae1 O-O 14. b4 Nxf3+
15. Nxf3 Be7 16. Bxe7 Nxe7 17. Nd4 Rac8 18. Qd2 Rc7 19. Re3 Rfc8 20. Rc1 Qa6
21. Rg3 Ng6 22. Qg5 Rc3 23. Rxc3 Rxc3 24. Qd2 Rxa3 25. Nb3 Nxe5 26. Re1 Ng6 27.
Qc1 Qa4 28. Qd2 Qc6 29. Nd4 Qc3 30. Qd1 Qxb4 31. Nb3 Ra6 32. h3 Rc6 33. Nd4 Rc4
34. Nb3 Rxc2 0-1

[Event "27th 4NCL Congress"]
[Site "The Old Swan Harrogate, Swan R"]
[Date "2022.01.23"]
[Round "5.15"]
[White "Halpin, David"]
[Black "Lee, Jordan"]
[Result "0-1"]
[WhiteElo "1176"]
[BlackElo "1683"]
[PlyCount "36"]
[EventDate "2022.01.21"]

1. c4 c6 2. Nc3 d5 3. e3 Nf6 4. d4 g6 5. Nf3 Qc7 6. a3 Bg4 7. h3 Bxf3 8. Qxf3
dxc4 9. Bxc4 Bg7 10. O-O O-O 11. Re1 Nbd7 12. b4 e5 13. d5 cxd5 14. Nxd5 Qxc4
15. Ne7+ Kh8 16. Qxb7 Rfb8 17. Qf3 Qe6 18. Nc6 e4 0-1

[Event "27th 4NCL Congress"]
[Site "The Old Swan Harrogate, Swan R"]
[Date "2022.01.23"]
[Round "5.16"]
[White "Merrifield, Peter"]
[Black "Watson, Andrew"]
[Result "0-1"]
[WhiteElo "1109"]
[BlackElo "1558"]
[PlyCount "36"]
[EventDate "2022.01.21"]

1. e4 d5 2. exd5 c6 3. dxc6 Nxc6 4. Nf3 e5 5. Nc3 Bc5 6. Bb5 Nf6 7. d3 Bxf2+ 8.
Kxf2 O-O 9. Re1 Qb6+ 10. Be3 Ng4+ 11. Kf1 Nxe3+ 12. Rxe3 Qxe3 13. Nd5 Qc5 14.
Nc7 Rb8 15. Bc4 b5 16. Bb3 Ne7 17. Nd5 Nxd5 18. c4 Ne3+ 0-1

[Event "27th 4NCL Congress"]
[Site "The Old Swan Harrogate, Swan R"]
[Date "2022.01.23"]
[Round "5.19"]
[White "Dickson, Kieran"]
[Black "Cockerill, Martin K"]
[Result "1-0"]
[WhiteElo "1686"]
[BlackElo "1412"]
[PlyCount "63"]
[EventDate "2022.01.21"]

1. d4 d5 2. c4 e6 3. Nc3 c5 4. cxd5 exd5 5. Nf3 Nf6 6. Bg5 Be7 7. e3 Bf5 8. Nh4
Bg6 9. Nxg6 hxg6 10. Be2 Nc6 11. Qb3 Qb6 12. Bxf6 Bxf6 13. Qxb6 axb6 14. Nxd5
cxd4 15. Nc7+ Ke7 16. Nxa8 Rxa8 17. Bc4 dxe3 18. fxe3 Bxb2 19. Rb1 Bc3+ 20. Ke2
Rd8 21. Rhd1 Rh8 22. Rxb6 Na5 23. Bd5 Rxh2 24. Bxb7 Rh5 25. Bf3 Re5 26. Rd3 Ba1
27. Rb1 Rc5 28. Rxa1 Rc2+ 29. Rd2 Rc4 30. Rd5 Ra4 31. Rd4 Ra3 32. Bd5 1-0

[Event "27th 4NCL Congress"]
[Site "The Old Swan Harrogate, Swan R"]
[Date "2022.01.23"]
[Round "5.20"]
[White "Goodwin, Theo"]
[Black "Coleman, Patrick N"]
[Result "1/2-1/2"]
[WhiteElo "1467"]
[BlackElo "1531"]
[PlyCount "42"]
[EventDate "2022.01.21"]

1. e4 c5 2. d4 cxd4 3. c3 dxc3 4. Nxc3 e6 5. Bc4 Nc6 6. Nf3 d6 7. O-O Nf6 8.
Bg5 Be7 9. Nb5 a6 10. Bxf6 gxf6 11. Nbd4 Bd7 12. Nxc6 Bxc6 13. Rc1 Bxe4 14.
Qa4+ Bc6 15. Qb3 d5 16. Bd3 Qd6 17. Nd4 Qb4 18. Qxb4 Bxb4 19. Nxc6 bxc6 20.
Rxc6 O-O 21. a3 Bd2 1/2-1/2

[Event "27th 4NCL Congress"]
[Site "The Old Swan Harrogate, Swan R"]
[Date "2022.01.23"]
[Round "5.21"]
[White "Howe, Daniel"]
[Black "Goldsmith, Jennifer"]
[Result "1-0"]
[WhiteElo "1512"]
[BlackElo "1428"]
[PlyCount "57"]
[EventDate "2022.01.21"]

1. d4 d5 2. Nf3 c6 3. Bf4 Nf6 4. c3 Bf5 5. Qb3 Qb6 6. Nbd2 Nbd7 7. e3 e6 8. Be2
Be7 9. O-O O-O 10. Qxb6 axb6 11. Nh4 Be4 12. f3 Nh5 13. fxe4 Bxh4 14. Bxh5 Be7
15. e5 f6 16. exf6 Nxf6 17. Be2 Nd7 18. Bg4 Kh8 19. Bxe6 Nf6 20. Be5 Rfe8 21.
Bxf6 Bxf6 22. Bg4 Rxe3 23. Rae1 Rd3 24. Nf3 g5 25. Ne5 Bxe5 26. dxe5 Re8 27. e6
Rd2 28. e7 Kg7 29. Bd7 1-0

[Event "27th 4NCL Congress"]
[Site "The Old Swan Harrogate, Swan R"]
[Date "2022.01.23"]
[Round "5.22"]
[White "Collins, Steve"]
[Black "Hollyman, Mike"]
[Result "0-1"]
[WhiteElo "1174"]
[BlackElo "1598"]
[PlyCount "74"]
[EventDate "2022.01.21"]

1. d4 Nf6 2. Nf3 d5 3. Bf4 e6 4. e3 c5 5. c3 cxd4 6. exd4 Bd6 7. Bg3 Nc6 8. Ne5
Qc7 9. Bb5 a6 10. Bxc6+ bxc6 11. Nd2 c5 12. Rc1 cxd4 13. cxd4 Qb6 14. Rc2 Qxd4
15. Nef3 Qb6 16. Bxd6 Qxd6 17. O-O Bb7 18. Nc4 Qc7 19. Nce5 Qa5 20. b3 O-O 21.
Qd3 Qb5 22. Qd2 Rac8 23. Nd4 Rxc2 24. Qxc2 Qb4 25. Qb2 Rc8 26. h3 Qc3 27. Qxc3
Rxc3 28. Rb1 Rc7 29. a4 Nd7 30. Nxd7 Rxd7 31. Rc1 e5 32. Nc6 Rc7 33. Re1 Rxc6
34. Rxe5 Rd6 35. Rf5 f6 36. Rf3 d4 37. b4 Bxf3 0-1